Lịch sử Việt Nam 1945 - 1975 /

Guardat en:
Dades bibliogràfiques
Autor principal: Trần Thục Nga
Altres autors: Bạch Ngọc Anh, Trần Bá Đệ
Format: Sách giấy
Idioma:Vietnamese
Publicat: Hà Nội : Giáo dục , 1987
Etiquetes: Afegir etiqueta
Sense etiquetes, Sigues el primer a etiquetar aquest registre!
Thư viện lưu trữ: Thư viện Trường Đại học Đà Lạt
LEADER 00689nam a2200277 4500
001 DLU020008549
005 ##5/15/2000
020 # # |a 978- 
041 # # |a vie 
082 # # |a 959.704  |b Lic 
090 # # |a 959.704  |b Lic 
100 # # |a Trần Thục Nga 
245 # # |a Lịch sử Việt Nam 1945 - 1975 /  |c Trần Thục Nga, Bạch Ngọc Anh, Trần Bá Đệ...  
260 # # |a Hà Nội :  |b Giáo dục ,  |c 1987 
300 # # |a 194 tr.;   |c 26 cm. 
700 # # |a Bạch Ngọc Anh 
700 # # |a Trần Bá Đệ 
992 # # |a 23000 
994 # # |a DLU 
900 # # |a False 
911 # # |a admin 
925 # # |a G 
926 # # |a A 
927 # # |a SH 
980 # # |a Thư viện Trường Đại học Đà Lạt